| 000 | 004150000a22001690004500 | ||
|---|---|---|---|
| 003 | MACL | ||
| 005 | 20160109150702.0 | ||
| 008 | 160109b xxu||||| |||| 00| 0 eng d | ||
| 040 |
_aMACL _cMACL |
||
| 041 | _aEnglish | ||
| 082 | _a923.2/SHA | ||
| 100 |
_aSinha, Kamaleshwar _930502 |
||
| 245 | _aMeghalaya | ||
| 260 |
_bPublication Division _c1970 _aDelhi |
||
| 650 |
_aGeography _930503 |
||
| 942 |
_cBK _k910/Sin _2ddc |
||
| 999 |
_c35835 _d35835 |
||